عالم الحيوانات / (رقم التسجيلة. 102084)

تفاصيل مارك
000 -LEADER
fixed length control field 00785nam a22002297a 4500
005 - DATE AND TIME OF LATEST TRANSACTION
control field 20251108173347.0
008 - FIXED-LENGTH DATA ELEMENTS--GENERAL INFORMATION
fixed length control field 250721s2001 xx 000 0 ara d
082 14 - DEWEY DECIMAL CLASSIFICATION NUMBER
Classification number م/ط/590/مكت
245 10 - TITLE STATEMENT
Title عالم الحيوانات /
264 1# - PRODUCTION, PUBLICATION, DISTRIBUTION, MANUFACTURE, AND COPYRIGHT NOTICE
Place of production, publication, distribution, manufacture بيروت :
Name of producer, publisher, distributor, manufacturer مكتبة لبنان ناشرون،
Date of production, publication, distribution, manufacture, or copyright notice 2001.
300 ## - PHYSICAL DESCRIPTION
Extent 64 ص. : مص.
490 0# - SERIES STATEMENT
Series statement كتب الفراشة : موسوعة المشاهدة العيانية
650 17 - SUBJECT ADDED ENTRY--TOPICAL TERM
Topical term or geographic name as entry element الحيوانات
650 17 - SUBJECT ADDED ENTRY--TOPICAL TERM
Topical term or geographic name as entry element مورفولوجيا الحيوان
650 17 - SUBJECT ADDED ENTRY--TOPICAL TERM
Topical term or geographic name as entry element الحشرات (صف)
650 17 - SUBJECT ADDED ENTRY--TOPICAL TERM
Topical term or geographic name as entry element الأسماك (حيوان)
650 17 - SUBJECT ADDED ENTRY--TOPICAL TERM
Topical term or geographic name as entry element الطيور
653 ## - INDEX TERM--UNCONTROLLED
Uncontrolled term ناشئون صغار (10-14 سنة)
710 2# - ADDED ENTRY--CORPORATE NAME
Corporate name or jurisdiction name as entry element مكتبة لبنان ناشرون : دائرة النشر
942 ## - ADDED ENTRY ELEMENTS (KOHA)
Source of classification or shelving scheme Dewey Decimal Classification
Koha item type مراجع
المقتنيات
حالة السحب حالة الفقدان مصدر التصنيف حالة التلف غير قابل للإعارة المكتبة الرئيسية المكتبة الحالية موقع الرف تاريخ التزويد الرقم المتسلسل Total Checkouts رقم الإستدعاء الباركود تاريخ آخر ظهور تاريخ الفاتورة نوع المادة (كوها)
    Dewey Decimal Classification     مكتبة أم المؤمنين للأطفال مكتبة أم المؤمنين للأطفال الأطفال 28/07/2025 418058   م/ط/590/مكت 418058 28/07/2025 28/07/2025 مراجع
    Dewey Decimal Classification     مكتبة الأميرة سلمى مكتبة الأميرة سلمى الأطفال 28/07/2025 568404   م/ط/590/مكت 568404 28/07/2025 28/07/2025 مراجع
    Dewey Decimal Classification     مكتبة الأميرة سلمى مكتبة الأميرة سلمى الأطفال 28/07/2025 565932   م/ط/590/مكت 565932 28/07/2025 28/07/2025 مراجع
    Dewey Decimal Classification   Not For Loan مكتبة الأميرة سلمى مكتبة الأميرة سلمى مراجع 16/02/2016 565793   م/ط/590/مكت PLD00374302 28/07/2025 16/02/2016 مراجع
    Dewey Decimal Classification     مكتبة الاميرة بديعة مكتبة الاميرة بديعة الأطفال 27/07/2015 [1297].   م/ط/590/مكت PLD00339191 28/07/2025 27/07/2015 مراجع
    Dewey Decimal Classification   Not For Loan مكتبة البراءة للأطفال مكتبة البراءة للأطفال الأطفال 05/12/2013 366565   م/ط/590/مكت PLD00289549 28/07/2025 05/12/2013 مراجع
    Dewey Decimal Classification     مكتبة الياسمين للأطفال مكتبة الياسمين للأطفال الأطفال 26/03/2014 556973   م/ط/590/مكت PLD00296597 28/07/2025 26/03/2014 مراجع
    Dewey Decimal Classification     مكتبة الياسمين للأطفال مكتبة الياسمين للأطفال الأطفال 28/04/2014 556992   م/ط/590/مكت PLD00300376 28/07/2025 28/04/2014 مراجع
Implemented & Customized by: BBB with SCIT (Smart Chains for Information Technology)

Powered by Koha